[Event "FRA-ch U20 Girls"]
[Site "Pau"]
[Date "2015.04.26"]
[Round "1"]
[White "Sonet, Kelly"]
[Black "Navrotescu, Andreea Cristiana"]
[Result "0-1"]
[WhiteElo "1615"]
[BlackElo "2223"]
[PlyCount "30"]
[EventDate "2015.04.26"]
[EventType "swiss"]
[EventRounds "9"]
[EventCountry "FRA"]
[SourceTitle "CBM 166 Extra"]
[Source "ChessBase"]
[SourceDate "2015.06.18"]
[SourceVersion "1"]
[SourceVersionDate "2015.06.18"]
[SourceQuality "1"]

1. d4 Nf6 2. Nf3 g6 3. c4 Bg7 4. Nc3 d5 5. Bg5 Ne4 6. cxd5 Nxg5 7. Nxg5 e6 8. Qd2 exd5 9. Qe3+ Kf8 10. Qf4 Bf6 11. h4 Kg7 12. Nb5 Na6 13. Rc1 Bd7 14. e3 c5 15. Be2 Bxb5 0-1

[Event "FRA-ch U18 Girls"]
[Site "Saint Paul Trois Chateaux"]
[Date "2013.05.05"]
[Round "8"]
[White "Reau, Florine"]
[Black "Sonet, Kelly"]
[Result "0-1"]
[WhiteElo "1538"]
[BlackElo "1412"]
[PlyCount "78"]
[EventDate "2013.04.28"]
[EventType "swiss"]
[EventRounds "9"]
[EventCountry "FRA"]
[SourceTitle "CBM 154 Extra"]
[Source "ChessBase"]
[SourceDate "2013.06.25"]
[SourceVersion "2"]
[SourceVersionDate "2013.06.25"]
[SourceQuality "1"]

1. e4 e5 2. Nf3 Nc6 3. Bb5 a6 4. Bxc6 bxc6 5. Nxe5 Qe7 6. Ng4 Qxe4+ 7. Ne3 Nf6 8. 0-0 Qg6 9. Re1 Be7 10. Nf1 d5 11. d3 Be6 12. Ng3 0-0 13. b3 Bd6 14. Bb2 Rab8 15. Be5 Bxe5 16. Rxe5 Ng4 17. Re2 Rfe8 18. Nd2 Bd7 19. Rxe8+ Rxe8 20. Nf3 Ne5 21. h3 Qf6 22. Nxe5 Rxe5 23. Rb1 Rg5 24. Qd2 h6 25. c4 h5 26. Kh2 h4 27. Ne2 Qd6+ 28. Kh1 Qg6 29. Nf4 Qf6 30. Ne2 Rf5 31. f4 Qd6 32. Rd1 d4 33. Kg1 c5 34. Rf1 Qg6 35. Kh2 Bc6 36. Ng1 Qg3+ 37. Kh1 Rf6 38. f5 g6 39. Qf4 Qxg2# 0-1

[Event "FRA-ch U12 Girls"]
[Site "Le Grand Bornand"]
[Date "2007.04.??"]
[Round "5"]
[White "Stubbe, Alicia"]
[Black "Sonet, Kelly"]
[Result "1-0"]
[WhiteElo "1570"]
[BlackElo "1440"]
[PlyCount "44"]
[EventDate "2007.04.07"]
[EventType "swiss"]
[EventRounds "9"]
[EventCountry "FRA"]
[SourceTitle "CBM 118 Extra"]
[Source "ChessBase"]
[SourceDate "2007.07.04"]
[SourceVersion "1"]
[SourceVersionDate "2007.07.04"]
[SourceQuality "1"]

1. e4 e5 2. Nf3 Nc6 3. d4 d6 4. dxe5 dxe5 5. Qxd8+ Nxd8 6. Nxe5 Bc5 7. Bc4 Ne6 8. 0-0 Nf6 9. Nc3 b6 10. Nd5 0-0 11. Nxf6+ gxf6 12. Bd5 Rb8 13. Nc6 Ba6 14. Rd1 Rfe8 15. Bh6 Ng7 16. c4 Bb7 17. Rd3 Kh8 18. Rg3 Nh5 19. Rg4 f5 20. Rg5 Rg8 21. Rxh5 Rg6 22. Bxf7 Rxc6 1-0

[Event "FRA-ch U10 Girls"]
[Site "Aix les Bains"]
[Date "2006.??.??"]
[Round "3"]
[White "Sonet, Kelly"]
[Black "Rei Rosa, Sophie"]
[Result "0-1"]
[WhiteElo "1570"]
[BlackElo "1400"]
[PlyCount "76"]
[EventDate "2006.04.16"]
[EventType "swiss"]
[EventRounds "9"]
[EventCountry "FRA"]
[SourceTitle "EXT 2007"]
[Source "ChessBase"]
[SourceDate "2006.11.23"]
[SourceVersion "1"]
[SourceVersionDate "2006.11.23"]
[SourceQuality "1"]

1. d4 Nf6 2. c4 e6 3. Nc3 c6 4. Bg5 Be7 5. Nf3 d5 6. e3 Nbd7 7. Bd3 Nf8 8. 0-0 Ng6 9. Rc1 Bd6 10. c5 Bc7 11. e4 e5 12. dxe5 Nxe5 13. Nxe5 Bxe5 14. exd5 cxd5 15. Bb5+ Bd7 16. Bxd7+ Qxd7 17. Bxf6 Bxf6 18. Re1+ Be7 19. Nxd5 Rd8 20. Rxe7+ Qxe7 21. Nxe7 Rxd1+ 22. Rxd1 Kxe7 23. b4 Rc8 24. a4 b6 25. cxb6 axb6 26. a5 bxa5 27. bxa5 Ra8 28. Ra1 Kd6 29. g4 Kc5 30. f4 Kb5 31. Re1 Kxa5 32. h4 Kb6 33. g5 g6 34. Kf2 Ra4 35. Kf3 Kc5 36. Re5+ Kd6 37. Re4 Ra3+ 38. Kg4 f5+ 0-1